000 00617nam a2200145Ia 4500
008 170221s9999 xx 000 0 und d
100 _aAlexander Borisovich Melnikov
245 4 _aThe Agrifood Market: Essence and Principles of the Organization
245 _cAlexander Borisovich Melnikov, Pavel Valeryevich Mikhaylushkin, Alina Rafaelyevna Alieva, Yuriy Iosifovich Bershitskiy, Aleksey Vasilevich Tolmachev
260 _bInternational Review of Management and Marketing
260 _cNovember 2012
300 _a1:2
650 _xMarketing.
856 _uhttp://www.econjournals.com/index.php/irmm/issue/view/88
999 _c310411
_d310411